Programmable logic theory: (Record no. 160898)

MARC details
000 -LEADER
fixed length control field 00499nam a22001697a 4500
005 - DATE AND TIME OF LATEST TRANSACTION
control field 20190215151104.0
010 ## - LCCN (DPL NO)
LC control number B-127208
020 ## - INTERNATIONAL STANDARD BOOK NUMBER
International Standard Book Number 8120325257
Terms of availability 195.00
035 ## - SYSTEM CONTROL NUMBER
System control number B-127208
037 ## - SOURCE OF ACQUISITION
Source of stock number/acquisition Prentic-hall of India Pvt. Ltd.
082 ## - DEWEY DECIMAL CLASSIFICATION NUMBER
Classification number 629.895
100 ## - MAIN ENTRY--PERSONAL NAME
Personal name NIIT
245 ## - TITLE STATEMENT
Title Programmable logic theory:
Remainder of title principles and applications
Statement of responsibility, etc NIIT
260 ## - PUBLICATION, DISTRIBUTION, ETC. (IMPRINT)
Place of publication, distribution, etc New Delhi
Name of publisher, distributor, etc Prentic-hall of India Pvt. Ltd.
Date of publication, distribution, etc 2005
300 ## - PHYSICAL DESCRIPTION
Extent 219p.
Dimensions 24cm(pbk)
942 ## - ADDED ENTRY ELEMENTS (KOHA)
Source of classification or shelving scheme Dewey Decimal Classification
Item type English Books
Classification part 629.895
Call number suffix PRO
Holdings
Withdrawn status Lost status Not for loan Collection code Home library Current library Date acquired Full call number Barcode Koha item type
      Non-fiction Sarojini Nagar Sarojini Nagar 15/02/2019 629.895 PRO B-127208 English Books

© Delhi Public Library
Hit Counter
free hit counter